Countries by population in 1900 - Statistics

General Stats
  • This quiz has been taken 39 times
  • The average score is 9 of 10
Answer Stats
Population Country % % Correct
78,790,700 French Empire 4.6
100%
400,000,000 Qing China 23.5
100%
400,800,000 British Empire 23.5
97%
136,305,900 Russian Empire 8.0
97%
78,816,167 United States 4.6
95%
67,609,178 German Empire 4.0
92%
46,605,000 Empire of Japan 2.7
89%
47,980,100 Dutch Empire 2.8
82%
33,095,000 Kingdom of Italy 1.9
79%
48,300,000 Austria-Hungary 2.8
76%
No matching quizzes found
Score Distribution
Percent of People with Each Score
Percentile by Number Answered
Your Score History
You have not taken this quiz